| 000 | 02005nam0a2200361 4500 | ||
|---|---|---|---|
| 001 | RU\NLR\bibl\555988 | ||
| 005 | 20250609161640.0 | ||
| 010 |
_a5-02-025014-7 _9500 |
||
| 021 |
_aRU _b2004-50288 _92475 |
||
| 035 | _a(NLR Aleph) 000548134 | ||
| 090 |
_a1455330 _c1455330 |
||
| 100 | _a20040924d2004 |||y0rusy50 ca | ||
| 101 | 0 |
_arus _deng |
|
| 102 | _aRU | ||
| 105 | _aa ||||||||| | ||
| 200 | 1 |
_aПалеогидротермальная постройка марганцевого месторождения Кызыл-Таш, Южный Урал: строение, состав, генезис _dPaleohydrothermal edifice of the Kyzyl-Tash manganese deposit, the South Urals: structure, composition, genesis _fЕ. В. Старикова, А. И. Брусницын, И. Г. Жуков _g[С.-Петерб. гос. ун-т, Ин-т минералогии Ур. отд-ния Рос. акад. наук] _zeng |
|
| 210 |
_aСПб. _cНаука _d2004 |
||
| 215 |
_a229, [1] с. _cил. _d22 |
||
| 300 | _aРез. на англ. яз. | ||
| 320 | _aБиблиогр.: с. 202-213 | ||
| 510 | 0 |
_6z45790 _aPaleohydrothermal edifice of the Kyzyl-Tash manganese deposit, the South Urals: structure, composition, genesis _zeng |
|
| 607 |
_aКызыл-Таш, марганцевое месторождение _xПроисхождение _xПалеогидротермальные условия _92350915 _3RU\NLR\auth\661404510 |
||
| 686 | _aД451.22-00 | ||
| 700 | 1 |
_aСтарикова _bЕ. В. _gЕлена Вячеславовна _4070 |
|
| 701 | 1 |
_aБрусницын _bА. И. _gАлексей Ильич _4070 |
|
| 701 | 1 |
_4070 _7ca _8rus _aЖуков _bИ. Г. _cканд. геол.-минерал. наук _gИгорь Геннадьевич _9261114 _3RU\NLR\AUTH\770261170 |
|
| 790 | 1 |
_6z45510 _aStarikova _bE. V. _gElena Vjačeslavovna _4070 |
|
| 801 | 0 |
_aRU _bNLR _c20040924 _gPSBO |
|
| 801 | 1 |
_aRU _bNLR _c20040924 |
|
| 942 | _cBOOK | ||
| 980 | _aNB | ||